000 00756nam a22002297a 4500
005 20170124110056.0
010 _aB-031307
020 _c425.00
_a8174550339
035 _aB-031307
037 _bCen Lib/Ret
040 _aDPL
_bEN
082 _a954.0841
_bDHA
100 _aDhankhar, Jaiveer S.
_926465
245 _aPrelude to Pakistan :
_cby Jaiveer S. Dhankhar
_bconsolidation of Muslim League /
260 _aDelhi
_bSanjay Prakashan
_c2000
270 _a2/703, Pragati Vihar, Near Som Bazar
_bDelhi
_e110053
300 _axii,212p.
_c22cm(Hb)
500 _aIncludes bibliographical references
650 _aAll-India Muslim League -- History
_926466
650 _aPakistan movement
_926467
942 _2ddc
_cEN
_h954.0841
_mDHA
999 _c129471
_d129471